La tortuosa vida del agente de recaudación en la Republica Argentina: (Registro nro. 35495)
[ vista simple ]
| 000 -LEADER | |
|---|---|
| fixed length control field | 00371 a2200121 4500 |
| 001 - CONTROL NUMBER | |
| control field | ART_55251 |
| 005 - DATE AND TIME OF LATEST TRANSACTION | |
| control field | 20260410162048.0 |
| 008 - FIXED-LENGTH DATA ELEMENTS--GENERAL INFORMATION | |
| fixed length control field | 260409a |
| 100 1# - MAIN ENTRY--PERSONAL NAME | |
| Personal name | Stok, Leandro |
| 245 10 - TITLE STATEMENT | |
| Title | La tortuosa vida del agente de recaudación en la Republica Argentina: |
| 700 1# - ADDED ENTRY--PERSONAL NAME | |
| Personal name | Atchabahian, Abel A. |
| 773 0# - HOST ITEM ENTRY | |
| Title | Impuestos |
| Related parts | - N°113 (dic. 2021) |
| Record control number | REV45175 |
No hay ítems disponibles.